000
00286nam a22001217a 4500
008
181126b xxu||||| |||| 00| 0 eng d
041
_a
eng
080
_a
043.3
100
_a
0
101
_a
BTH-SHKI
245
_a
IP Adresimi dhe përcjellja e IP paketave
_c
Hyseni,A
942
_2
udc
_c
BK
999
_c
52513
_d
52513